| 000 | 00650cam a2200181 4500 | ||
|---|---|---|---|
| 020 | _a0879010282 | ||
| 040 | _cDLC | ||
| 082 | 0 | 0 | _a516 WOR 1974 A026 Or. |
| 100 | 1 | _aMunem, Mustafa A. | |
| 245 | 1 | 0 | _aCollege trigonometry / |
| 260 |
_a[New York] : _bWorth Publishers _c[1974] |
||
| 300 |
_aix, 386 p. : _bill. ; _c25 cm. |
||
| 500 | _aSupplemented by: Study guide to accompany College trigonometry / Munem, Tschirhart and Yizze. (243 p. : ill. ; 28 cm.) Published: New York : Worth Publishers, Inc., c1974. Call number: QA531.M86 Suppl. | ||
| 650 | 0 | _aTrigonometry. | |
| 700 | 1 | _aTschirhart, William. | |
| 700 | 1 | _aYizze, James P. | |
| 942 | _cEK | ||
| 999 |
_c13256 _d13256 |
||